000 00310nam a22001217a 4500
040 _cHS
082 _a334 MER 2001 C086
100 _aCHRISTOPHER D. MERRETT
245 _aA cooperative approach to local economic development
260 _aLodon
_bCHRISTOPHER D. MERRETT
_c2001
300 _a197p;
942 _cEK
999 _c11084
_d11084